| 000 | nam a22 7a 4500 | ||
|---|---|---|---|
| 999 |
_c28604 _d28604 |
||
| 008 | 170309b xxu||||| |||| 00| 0 eng d | ||
| 020 | _a0030954002 | ||
| 050 | _aGE 105 .A76 1996 | ||
| 100 | _aArms, Karen | ||
| 245 |
_aHolt environmental science : _bAnnoited teacher's edition / _cKaren Arms |
||
| 260 |
_aHarcourt Brace and company : _bHolt, Rinehart and Winston, _c1996. |
||
| 300 |
_a432p. : _bill. ; |
||
| 500 | _aincludes glossary and index | ||
| 942 |
_2lcc _cBOOKS _hGE 105 .A76 1996 |
||